000 00894nas a2200289 4500
001 BR9702148
003 BR-BrBNA
005 20231205100154.0
007 ta
008 230509b bl.|||p| |||| 00| 00por d
040 _aBR-BrBNA
_bpor
_cBiblioteca Nacional de Agricultura
041 _a(Pt)
072 _aQ54
100 1 _aFischer, V.
100 1 _aPrates, E.R.
100 1 _aMuhlbach, P.R.F.
100 1 _aPotter, W.J.
245 1 _aEfeito do tratamento a campo da palha de arroz com ureia sobre a conservacao, composicao quimica e digestibilidade
650 _aArroz
650 _aPalha
650 _aComposicao Quimica
650 _aDigestibilidade
650 _aUreia
773 0 _tRevista da Sociedade Brasileira de Zootecnia (Brazil)
_xISSN 0100-4859
_g(Sep-Oct 1996), v. 25(5) p. 837-844
_wBR9702148
909 _a202311
_bLúcia
_c55
_dLúcia Elande
942 _2AGRIS
_n0
_cANA
999 _c154602
_d154602